000
00313nam a22001457a 4500
008
221117b ||||| |||| 00| 0 eng d
020
_a
9781133109952
041
_a
eng
080
_a
159.9
082
_a
159.9
100
_a
25
101
_a
PSI
245
_a
INQUIRY INTO PHYSICS
_c
OSTDIEK V
942
_2
udc
_c
BK
999
_c
58926
_d
58926